Central Library OPAC University of Rajshahi

The Human rights situation in North Korea / (Record no. 47642)

MARC details
000 -LEADER
fixed length control field 00804nam a2200241 a 4500
001 - CONTROL NUMBER
control field 47642
003 - CONTROL NUMBER IDENTIFIER
rucl marc code BD-RjUL
005 - DATE AND TIME OF LATEST TRANSACTION
control field 20211209054346.0
008 - FIXED-LENGTH DATA ELEMENTS--GENERAL INFORMATION
fixed length control field 160808s1992 ko a 000 0 eng d
035 ## - SYSTEM CONTROL NUMBER
System control number (BD-RjUL)47761
040 ## - CATALOGING SOURCE
Original cataloging agency HU
Transcribing agency HU
Modifying agency BD-RjUL
Language of cataloging eng
041 ## - LANGUAGE CODE
Language code of text/sound track or separate title eng
082 00 - DEWEY DECIMAL CLASSIFICATION NUMBER
Classification number 323.49095193
Edition number 23
Author mark and year HUM 1992
245 04 - TITLE STATEMENT
Title The Human rights situation in North Korea /
260 ## - PUBLICATION, DISTRIBUTION, ETC. (IMPRINT)
Place of publication, distribution, etc. Seoul, Korea :
Name of publisher, distributor, etc. The Institute for South-North Korea Studies,
Date of publication, distribution, etc. 1992
300 ## - PHYSICAL DESCRIPTION
Pagination 140 p. :
Illustrations ill. ;
Size 21 cm.
500 ## - GENERAL NOTE
General note Subtitle on cover: The reality of self-styled paradise.
650 #0 - SUBJECT ADDED ENTRY--TOPICAL TERM
Topical term or geographic name as entry element Human rights
Geographic subdivision Korea (North)
9 (RLIN) 144779
Topical term or geographic name as entry element Civil rights
Geographic subdivision Korea (North)
9 (RLIN) 144780
710 2# - ADDED ENTRY--CORPORATE NAME
Corporate name or jurisdiction name as entry element Institute for South-North Korea Studies.
9 (RLIN) 144781
942 ## - ADDED ENTRY ELEMENTS (KOHA)
Source of classification or shelving scheme Dewey Decimal Classification
Koha item type Books
Holdings
Lost status Source of classification or shelving scheme Damaged status Not for loan Collection code Permanent Location Current Location Shelving location Date acquired Source of acquisition Total Checkouts Full call number Date last seen Copy number Koha item type
  Dewey Decimal Classification     Non-fiction Central Library, University of Rajshahi Central Library, University of Rajshahi   12/03/2009 Rashahi R.U.C.L   323.49095193 HUM 1992 09/08/2016 C-2 Books
  Dewey Decimal Classification   Not For Loan Non-fiction Central Library, University of Rajshahi Central Library, University of Rajshahi Reading Room 12/03/2009 Rashahi R.U.C.L   323.49095193 HUM 1992 15/12/2016 C-1 Books